LEADER 02612nas 2200865-a 450 001 996213556103316 005 20240205161025.0 011 $a1537-5129 035 $a(DE-599)ZDB2072707-0 035 $a(OCoLC)48215549 035 $a(CKB)111020967586000 035 $a(CONSER)--2001215761 035 $a(EXLCZ)99111020967586000 100 $a20011026a20029999 s-- a 101 0 $aeng 135 $aurmn||||||||| 181 $ctxt$2rdacontent 182 $cc$2rdamedia 183 $acr$2rdacarrier 200 00$aBiosystems engineering 210 $aLondon $cPublished for Silsoe Research Institute by Academic Press$d2002- 210 3 $aOxford, UK $cElsevier 300 $aRefereed/Peer-reviewed 300 $aTitle from contents page (viewed May 7, 2002). 300 $aPublished: Oxford, UK : Elsevier, <2004-> 311 $a1537-5110 531 $aBIOSYST ENG 531 $aBIOSYSTEMS ENG 531 $aBIOSYST. ENG 531 0 $aBiosyst. eng. 606 $aBioengineering$vPeriodicals 606 $aAgricultural engineering$vPeriodicals 606 $aBiological systems$vPeriodicals 606 $aAgriculture 606 $aEngineering 606 $aAgriculture 606 $aEngineering 606 $aAgriculture$vPeriodicals 606 $aEngineering$vPeriodicals 606 $aGénie rural$vPériodiques 606 $aSystèmes biologiques$vPériodiques 606 $aBiotechnologie$vPériodiques 606 $aAgriculture 606 $aIngénierie 606 $aEngineering$2fast$3(OCoLC)fst00910312 606 $aBiological systems$2fast$3(OCoLC)fst00832336 606 $aAgriculture$2fast$3(OCoLC)fst00801355 606 $aAgricultural engineering$2fast$3(OCoLC)fst00800726 606 $aBioengineering$2fast$3(OCoLC)fst00832028 608 $aPeriodicals.$2fast 615 0$aBioengineering 615 0$aAgricultural engineering 615 0$aBiological systems 615 0$aAgriculture. 615 0$aEngineering. 615 2$aAgriculture 615 2$aEngineering 615 2$aAgriculture 615 2$aEngineering 615 6$aGénie rural 615 6$aSystèmes biologiques 615 6$aBiotechnologie 615 6$aAgriculture. 615 6$aIngénierie. 615 7$aEngineering. 615 7$aBiological systems. 615 7$aAgriculture. 615 7$aAgricultural engineering. 615 7$aBioengineering. 676 $a631 712 02$aSilsoe Research Institute. 906 $aJOURNAL 912 $a996213556103316 996 $aBiosystems engineering$91899382 997 $aUNISA